| 000 | 01406nam0a2200337 4500 | ||
|---|---|---|---|
| 001 | RU\NLR\BIBL_A\022707577 | ||
| 005 | 20260324101916.0 | ||
| 010 |
_a978-5-0063-0355-3 _bрус. _93000 |
||
| 021 |
_aRU _bКН-П-25-074172 _9КН-П-25-7191 |
||
| 035 | _a(NLR Aleph) 022707577 | ||
| 090 |
_a13643610 _c13643610 |
||
| 100 | _a20260122d2026 d y0rusy50 ca | ||
| 101 | 1 |
_arus _cger |
|
| 102 | _aRU | ||
| 105 | _aa z 000zy | ||
| 181 | 0 |
_ab3 _bxb2e |
|
| 181 | 0 |
_ai2 _baxxe |
|
| 182 | 0 | _an | |
| 200 | 1 |
_aЧто такое человек? Записки любознательного хомяка _eдля детей среднего школьного возраста _fСюзанна Гёлих _gперевод [с немецкого] Юлии Капустюк _gиллюстрации автора |
|
| 203 |
_aИзображение _aТекст _bвизуальные _cнепосредственные |
||
| 210 |
_aМосква _cАльпина Паблишер, Альпина.Дети _d2026 (печ. 2025) |
||
| 215 |
_a79, [1] с. _cцв. ил. _d27 |
||
| 333 | _a6+ | ||
| 606 | 1 |
_aМозг _jИздания для детей _2nlr_sh1 _2nlr_sh2 _3RU\NLR\AUTH\66302656 |
|
| 686 | 0 |
_aШ9 _bР |
|
| 700 | 1 |
_aГёлих _bС. _f1972- _gСюзанна _3RU\NLR\AUTH\770249511 |
|
| 942 | _cBOOK | ||
| 980 | _aNB | ||